Strength of materials (Record no. 2292)

000 -LEADER
fixed length control field 00560nam a22002057a 4500
001 - CONTROL NUMBER
control field 2292
003 - CONTROL NUMBER IDENTIFIER
control field BD-DhUET
008 - FIXED-LENGTH DATA ELEMENTS--GENERAL INFORMATION
fixed length control field 140921b xxu||||| |||| 00| 0 eng d
020 ## - INTERNATIONAL STANDARD BOOK NUMBER
International Standard Book Number 8173711259
040 ## - CATALOGING SOURCE
Transcribing agency 0
Modifying agency BD-DhUET
082 ## - DEWEY DECIMAL CLASSIFICATION NUMBER
Classification number 620.11
Item number RAO/1999
100 ## - MAIN ENTRY--PERSONAL NAME
Personal name Rao, D S Prakash
245 ## - TITLE STATEMENT
Title Strength of materials
Remainder of title a practical approach
Statement of responsibility, etc. by D S Prakash Rao
250 ## - EDITION STATEMENT
Edition statement 1st ed.
260 ## - PUBLICATION, DISTRIBUTION, ETC. (IMPRINT)
Place of publication, distribution, etc. Hyderabad
Name of publisher, distributor, etc. Universities Press (India)
Date of publication, distribution, etc. 1999
300 ## - PHYSICAL DESCRIPTION
Extent xvi,646p.
504 ## - BIBLIOGRAPHY, ETC. NOTE
Bibliography, etc Includes bibliographies
650 #0 - SUBJECT ADDED ENTRY--TOPICAL TERM
Topical term or geographic name as entry element Strength of materials
942 ## - ADDED ENTRY ELEMENTS (KOHA)
Koha item type General Book
Holdings
Koha issues (times borrowed) Koha item type Shelving location Koha date last seen Withdrawn status Copy number Date acquired Koha normalized classification for sorting Price effective from Source of classification or shelving scheme Location (home branch) Sublocation or collection (holding branch) Koha date last borrowed Lost status Koha full call number Piece designation (barcode) Damaged status Not for loan
 General BookCirculation section2014-09-21 12014-09-21620_000000000000000_11RAO19992014-09-21 Central Library, BUETCentral Library, BUET  620.11/RAO/1999103935  
1General BookCirculation section2026-01-18 22014-09-23620_000000000000000_11RAO19992014-09-23 Central Library, BUETCentral Library, BUET2026-01-05 620.11/RAO/1999103934